| 000 | 00965nam0a22003011 4500 | ||
|---|---|---|---|
| 001 | RU\NLR\A1SV\877 | ||
| 005 | 20251203171251.9 | ||
| 035 | _a(NLR Aleph) 009686959 | ||
| 090 |
_a9721995 _c9721995 |
||
| 100 | _a19980224d1923 u y0rusy50 ca | ||
| 101 | 0 | _arus | |
| 102 | _aRU | ||
| 200 | 1 |
_aДве повести _fАлександр Аросев |
|
| 210 |
_aМ. _aПб. _cКруг _d1923 |
||
| 215 |
_a217, [2] c. _d17 см |
||
| 451 | 1 |
_1001RU\NLR\A1SV\876 _12001#$aДве повести$e(Дни минувшие) _1700#1$aАросев$bА.Я.$f1890-1938$gАлександр Яковлевич$4070 |
|
| 620 | _dМосква | ||
| 620 | _dСанкт-Петербург | ||
| 700 | 1 |
_aАросев _bА. Я. _f1890-1938 _gАлександр Яковлевич _4070 |
|
| 801 | 0 |
_aRU _bNLR _c19980224 |
|
| 852 |
_aNLR _j38.29.7.55 |
||
| 899 | _aLC | ||
| 899 | _aРГБ | ||
| 899 | _aКирОУНБ | ||
| 942 | _cBOOK | ||
| 980 | _aNB | ||
| 980 | _aA1SV | ||